| 000 | 00563nam a2200193 i 4500 | ||
|---|---|---|---|
| 001 | 50772 | ||
| 003 | ES-MaACL | ||
| 005 | 20230906162233.0 | ||
| 007 | t| | ||
| 008 | 030806s1978 sp ||||1| spa d | ||
| 100 | 1 |
_aCuenca, José Manuel. _941997 |
|
| 245 | 1 | 0 |
_aAproximación a la historia de la iglesia contemporánea en España / _cJosé Manuel Cuenca. |
| 260 |
_aMadrid : _bRialp, _c[1978] |
||
| 300 |
_a434 p. ; _c19 cm. |
||
| 490 | 1 | _aBolsillo Rialp | |
| 830 | 0 |
_aBolsillo Rialp _9183623 |
|
| 852 |
_aES-MaACL _jA-9324 _bR.98331 |
||
| 999 |
_c50772 _d50772 |
||